Notes on the State of Virginia (Record no. 2951)
[ view plain ]
| 000 -LEADER | |
|---|---|
| fixed length control field | 01253nam a2200301Ia 4500 |
| 100 1# - MAIN ENTRY--AUTHOR NAME | |
| Personal name | Jefferson, Thomas, |
| 245 10 - TITLE STATEMENT | |
| Title | Notes on the State of Virginia |
| 260 ## - PUBLICATION, DISTRIBUTION, ETC. (IMPRINT) | |
| Place of publication | [South Bend, IN] : |
| Name of publisher | Infomotions, Inc. ; |
| Place of publication | [Blacksburg, VA] : |
| Name of publisher | Virginia Tech., |
| Year of publication | 2001. |
| 300 ## - PHYSICAL DESCRIPTION | |
| Number of Pages | 126 p. |
| 500 ## - GENERAL NOTE | |
| General note | "Advertisement Feb. 27, 1787." |
| 856 40 - ELECTRONIC LOCATION AND ACCESS | |
| Uniform Resource Identifier | http://site.ebrary.com/lib/rucke/Doc?id=5000714 |
No items available.
